1923 1209 1185 1187 1483 1649 1453 1820 1381 1981 1896 1844 1733 1297 1230 1251 1228 1924 1153 1845 1837 1680 1902 1058 1668 1897 1824 1450 1017 1361 1679 1402 1073 1321 1436 1863 1661 1562 1042 1844 1660 1273 1481 1038 1471 1747 1012 1057 1475 1312 1545 1183 1718 1768 1366 1470 1351 1508 1467 1330 1947 1087 1227 1044 1524 1613 1531 1275 1541 1009 1654 1932 1223 1838 1987 1629 1245 1891 1862 1173 1291 1456 1582 1071 1774 1029 1560 1433 1401 1474 1437 1319 1820 1154 1144 1067 1114 1257 1254 BCNSPRNW ULIB Ver.6.0+V

เปลี่ยนเป็นภาษาไทย

Change to English
 แสดงรายละเอียดบรรณานุกรม
  กลับหน้าหลัก

Brief Record : Get Marc (ISO 2709) : E-mail record : QR code < ปิดหน้าต่าง
LEADER : 01174nam 2200277 a 4500
001    13399112529
003     ULIB
008    030417s2554 caua sb 001 0 tha
020    ^a9786165000697
099    นว.^bช465อ 2554
100    ^aชาครีย์นรทิพย์
245    ^aอาณาจักร์แห่งเม็ดทราย/^cชาครีย์นรทิพย์
260    กรุงเทพฯ:^bพิมพ์คำ,^c2554
300    504 sohk
945    ^p0^l0^i030458
995    เกษร
999    ^aKey new Using ULIBM easy add form
รายการนี้ยังไม่มีแท็ก
คุณยังไม่ได้ล็อกอิน คุณสามารถมีกิจกรรมร่วมกับเว็บไซต์ได้ แต่ต้องล็อกอินก่อน ::
  ล็อกอิน

รายการสื่อสารสนเทศ

ลำดับที่ ประเภท เลขเรียก/บาร์โค้ด สถานที่ สถานะ
1. นวนิยาย
นวนิยาย
นว. ช465อ 2554  
  Barcode: 030458
ห้องสมุดวิทยาเขตสวรรค์ประชารักษ์
►นวนิยาย
บนชั้น
  ขอยืม

รายการใกล้เคียง
    ผู้แต่ง [ชาครีย์นรทิพย์]

    หัวเรื่อง []

BibComment


ยังไม่เคยถูกคอมเมนท์

คอมเมนท์ทรัพยากรรายการนี้
  คอมเมนท์: อาณาจักร์แห่งเม็..


 Copyright 2026. Bcnsprnw @Library